000 00841aam a2200301 i 4500
001 768714001
003 CO-MdFUSB
005 20250507165840.0
007 ta
008 250507t1985 -us |||| |||| 00| 0 eng d
020 _a0-8308-1102-8
040 _cCO-MdFUSB
041 0 _aeng
082 0 4 _223
_a241.66
_bS8885h
100 1 _aStott, John R. W.
_eautor
245 1 0 _aHomosexual partnerships ?
_bwhy same-sex relationships are not a Christian option
_c/ John Stott
264 1 _bInterVarsity Press,
_aDowners Grove, ILL., USA :
_c[1985]
264 4 _c©1985
300 _a32 páginas
336 _atexto
_btxt
_2rdacontent
337 _2rdamedia
_asin mediación
_bn
338 _2rdacarrier
_avolumen
_bnc
563 _aRústico
653 _aHomosexualidad
942 _cBK
945 _aJTF-925
999 _c35464
_d35464